Statistics for Letters of the Latvian alphabet

Click here to take the quiz!

General Stats

  • This quiz has been taken 115 times
  • The average score is 18 of 33

Answer Stats

Letter% Correct
A
100%
B
86%
C
84%
Ā
82%
D
80%
Č
77%
E
77%
F
73%
Ē
71%
G
71%
H
66%
Ģ
64%
I
64%
Ī
61%
J
59%
K
59%
Ķ
55%
L
54%
Ļ
50%
M
50%
N
50%
Ņ
43%
O
43%
P
41%
R
34%
S
32%
Š
30%
T
25%
U
23%
Ū
23%
V
23%
Z
18%
Ž
16%

Score Distribution

Percentile by Number Answered

Percent of People with Each Score

Your Score History

You have not taken this quiz